000 01025nam a2200205Ia 4500
003 Ost
005 20260507075122.0
008 260507s9999||||xx |||||||||||||| ||und||
040 _cfsecg
041 _aara
082 _a330
100 _aابراهيم، نعمة الله نجيب
_eمؤلف
245 0 _aأسس علم الإقتصاد /
_c نعمة الله نجيب ابراهيم
250 _aطبعة 2
260 _aالإسكندرية:
_bمؤسسة شباب الجامعة,
_c2006
300 _a300 صفحة؛
_c24 سم
520 _aأساسيات-توازن السوق-نظرية طلب المستهلك الفرد-نظرية العرض والإنتاج-نظرية التوزيع-الدخل القومي-السياسات الملية-النقود والسياسات النقدية-التجارة الدولية التنمية والتخطيط -اقتصاديات الموارد البشرية-اقتصاديات تلوث البيئة
653 _aالنظرية الإقتصادية
942 _cكتاب
999 _c43098
_d43098